Transformation of indian economy : an overview (Record no. 185253)

MARC details
000 -LEADER
fixed length control field 00477nam a2200169Ia 4500
005 - DATE AND TIME OF LATEST TRANSACTION
control field 20250101092104.0
008 - FIXED-LENGTH DATA ELEMENTS--GENERAL INFORMATION
fixed length control field 231217s9999 xx 000 0 und d
020 ## - INTERNATIONAL STANDARD BOOK NUMBER
International Standard Book Number 9788131419014
082 ## - DEWEY DECIMAL CLASSIFICATION NUMBER
Classification number 330.9054 PHU;1 R
100 ## - MAIN ENTRY--PERSONAL NAME
Personal name Phuskele, Preeti ed.
245 #0 - TITLE STATEMENT
Title Transformation of indian economy : an overview
250 ## - EDITION STATEMENT
Edition statement 1st ed.
260 ## - PUBLICATION, DISTRIBUTION, ETC. (IMPRINT)
Date of publication, distribution, etc. 2008
Name of publisher, distributor, etc. Icfai University press
Place of publication, distribution, etc. Hyderabad
300 ## - PHYSICAL DESCRIPTION
Extent viii, 261
650 ## - SUBJECT ADDED ENTRY--TOPICAL TERM
Topical term or geographic name as entry element Transformation,economy,overview
942 ## - ADDED ENTRY ELEMENTS (KOHA)
Koha item type Books
Holdings
Date last seen Total Checkouts Full call number Accession number Old discount Uniform Resource Identifier Cost, replacement price Price effective from Category Lost status Damaged status Department Withdrawn status bill no. bill date Permanent Location Current Location Shelving location Entry date Vendor Cost, normal purchase price Grants Currency symbol Conversion rate Discount Discount type Public note
26/01/2024   330.9054 PHU;1 R 58801 20 digital/contents/58801.pdf 280.00 26/01/2024 Books     Central Library   218/Icfai/09-10/BLR 25/04/2014 Central Library Central Library Central Library 19/03/2010 IUCP 350.00 MBA RS 1 70 Rupees  
26/01/2024   330.9054 PHU;3 72844   digital/contents/58801.pdf 38.00 26/01/2024 Books     Central Library   1993 29/10/2015 Central Library Central Library Central Library 23/02/2011 ICFAI Press 38.00 MBA RS 1   Rupees 72844

© For any Suggestions or Query, please contact the library staff @ librarian@pes.edu or Phone: +9180 2672 1983/ 2108.